JR 幹線を選べ サドンデス - Statistics

General Stats
  • This quiz has been taken 53 times
  • The average score is 5 of 33
Answers on the Grid
Answers color-coded by a green-red scale on the quiz's grid according to % correct below.
鹿島線
鶴見線
高徳線
高山本線
飯田線
青梅線
陸羽東線
関西空港線
関西本線
身延線
赤羽線
赤穂線
豊肥本線
草津線
美祢線
筑豊本線
筑肥線
磐越西線
磐越東線
石北本線
石勝線
相模線
白新線
留萌本線
男鹿線
田沢湖線
片町線
水戸線
横須賀線
桜井線
根岸線
東金線
札沼線
日光線
徳島線
御殿場線
常磐線
左沢線
川越線
山口線
小野田線
小浜線
富良野線
宗谷本線
宇野線
宇部線
大湊線
大村線
外房線
土讃線
呉線
吉都線
参宮線
南武線
千歳線
加古川線
八高線
伯備線
伊東線
仙石線
仙山線
五日市線
久大本線
両毛線
 
Answer Stats
Answer % Correct
関西本線
58%
鶴見線
42%
赤羽線
42%
関西空港線
33%
横須賀線
29%
青梅線
25%
常磐線
25%
高徳線
21%
片町線
21%
相模線
17%
千歳線
17%
根岸線
13%
外房線
13%
南武線
13%
伊東線
13%
仙石線
13%
両毛線
13%
御殿場線
8%
呉線
8%
五日市線
8%
草津線
4%
美祢線
4%
筑肥線
4%
磐越西線
4%
白新線
4%
水戸線
4%
川越線
4%
宇部線
4%
土讃線
4%
伯備線
4%
仙山線
4%
石勝線
0%
宇野線
0%
No matching quizzes found
Score Distribution
Percent of People with Each Score
Percentile by Number Answered
Your Score History
You have not taken this quiz